Vinyles tournant dans un mange-disque - Chanteurs anglophones - Statistiques

Statistiques générales
  • Ce quiz a été pris 563 fois
  • Le résultat moyen est 5 sur 8
Réponses sur la Carte
Les réponses sont colorées sur une échelle allant du rouge au vert en fonction du pourcentage des utilisateurs qui les ont devinées à leur premier essai. Vous pouvez retrouver ces pourcentages ci-dessous.
 
Statistiques - réponses
Chanteurs % Correct
Michael Jackson
99%
Elvis Presley
92%
John Lennon
73%
David Bowie
71%
Freddie Mercury
70%
Whitney Houston
55%
George Michael
36%
Aretha Franklin
35%
Aucun quiz correspondant
Distribution des résultats
% des personnes avec chaque résultat
Percentile par nombre de réponses
Votre historique - résultats
Vous n’avez pas pris ce quiz